Theory and problems of linear algebra

The first chapter of book treats systems of linear equations. This provides the motivation and basic computational tools for the subsequent material. After vectors and matrices are introduced, there are chapters on vector spaces and subspaces and on inner products. This is followed by chapters cover...

ver descrição completa

Na minha lista:
Detalhes bibliográficos
Autor principal: Seymour Lipschutz
Formato: Livro
Idioma:Undetermined
Publicado em: New York McGraw-Hill 1991
Assuntos:
Tags: Adicionar Tag
Sem tags, seja o primeiro a adicionar uma tag!
Thư viện lưu trữ: Trung tâm Học liệu Trường Đại học Cần Thơ
LEADER 01159nam a2200205Ia 4500
001 CTU_22786
008 210402s9999 xx 000 0 und d
020 |b 57.5df 
082 |a 512.5 
082 |b L767 
100 |a Seymour Lipschutz 
245 0 |a Theory and problems of linear algebra 
245 0 |c Seymour Lipschutz 
260 |a New York 
260 |b McGraw-Hill 
260 |c 1991 
520 |a The first chapter of book treats systems of linear equations. This provides the motivation and basic computational tools for the subsequent material. After vectors and matrices are introduced, there are chapters on vector spaces and subspaces and on inner products. This is followed by chapters covering determinant and on eigenvalues and eigenvectors, and diagonalizing matrices and quadratic forms. The later chapters cover abstract linear maps and their canonical forms, specifically the triangular, Jordan and rational canonical forms. The last chapter treats abstract linear maps on inner products spaces 
650 |a algebras, linear - outlines, syllabi, etc 
904 |i Minh, 980618 
980 |a Trung tâm Học liệu Trường Đại học Cần Thơ